00555 2200229 4500001002100000005001500021035002000036245007300056100001900129250000600148300003200154856001200186260003100198082000800229600001600237990001200253990001200265990001200277990001200289990001200301990001200313INLIS00000000000333520260203093730 a0010-02260000011 aEnsiklopedia Astronomi Satelit, Asteroid dan Komet /cRohmat Haryadi0 aRohmat Haryadi a1 a74 :bIlust ;c17,5 x 25 cm aRak 500 aJakarta :bErlangga,c2011 a503 4aEnsiklopedi a0714325 a0714322 a0714323 a0714324 a0714321 a0714326